Дело об определении Николая Самойлова воспитанником Театральной школы

Доступно только в Электронных читальных залах Найти на картеНа карте
RUSMARC
00004122nmc2a22000003x 450
00133e252a7-16f4-4f92-ba46-1ec724ef25e4
00520181003102226.0
100##$a20161209l18121821k l0rusy0189 ca
1010#$arus
102##$aRU
2001#$aДело об определении Николая Самойлова воспитанником Театральной школы
$j30 января 1812 г. - 3 декабря 1821 г.
251##$cДело
300##$aДело
300##$aОриг. заголовок дела: Дело по прошению отпущенного вечно на волю дворового человека Николая Самойлова, об определении его Театральную школу, воспитанником. 30 января 1812 г. - 3 декабря 1821 г
801#0$aRU
$bРГИА
$c20161209
$gRCR
801#1$aRU
$bГлавНИВЦ
$c20161209
$2rusmarc
801#2$aRU
$bПБ им. Б.Н. Ельцина
$c20181003
$gRCR
$2rusmarc
850##$aРГИА
852##$aРГИА
$eФедеральное казенное учреждение "Российский государственный исторический архив" (РГИА)
$j1024
937##$hРГИА
$d12235041
$aASBIBLIO_SCAN
462#0$1001dd3991dc-24e1-42ec-8838-ca4255420416
$12001
$a1746-1850 гг.
$1251
$cОпись
$1852
$j1
461#0$10019264ebf8-de62-4f1a-9eb4-9f22098dbbd5
$12001
$aДирекция императорских театров МИДв
$1251
$cФонд
$1852
$j497
215##$a9 л.
$d36,5х26 см
371##$aДокумент не является опубликованным и широко распространяемым
105##$ay###
1222#$ad
5171#$aДело по прошению отпущенного вечно на волю дворового человека Николая Самойлова, об определении его Театральную школу, воспитанником. 30 января 1812 г. - 3 декабря 1821 г
035##$a33e252a7-16f4-4f92-ba46-1ec724ef25e4
856##$uhttp://readingroom.main.prlib.ru/item.aspx?id_node=n118830390&mode=full
Формат отображения